Highest Goalscorers in Serie A 2022/23 - Statistics

General Stats
  • This quiz has been taken 116 times
  • The average score is 13 of 19
Answer Stats
# Goals Club Answer % Correct
2 21 Inter Milan Lautaro Martínez
99%
4 15 AC Milan Rafael Leão
95%
1 26 Napoli Victor Osimhen
94%
8 12 SS Lazio Ciro Immobile
91%
5 13 AC Milan Olivier Giroud
90%
8 12 Sassuolo Domenico Berardi
82%
14 10 Inter Milan Romelo Lukaku
79%
14 10 Juventus Dušan Vlahović
78%
8 12 AS Roma Paulo Dybala
77%
8 12 Napoli Kvicha Kvaratskhelia
72%
3 16 Salernitana Boulaye Dia
69%
5 13 Atalanta Ademola Lookman
56%
5 13 Spezia M'Bala Nzola
54%
13 11 Bologna Riccardo Orsolini
54%
14 10 SS Lazio Mattia Zaccagni
47%
14 10 Bologna Marko Arnautović
45%
8 12 Torino Antonio Sanabria
44%
14 10 Udinese Beto
40%
14 10 Atalanta Teun Koopmeiners
34%
No matching quizzes found
Score Distribution
Percent of People with Each Score
Percentile by Number Answered
Your Score History
You have not taken this quiz